000 00907nam a2200253Ia 4500
003 OSt
005 20221005112320.0
006 a|||||r|||| 00| 0
007 ta
008 221004b |||||||| |||| 00| 0 pan d
020 _a9788178563640 (hbk)
_c300
024 _a17534
037 _b925, 21/03/2015, H.K. Prakashan
_cTextual
040 _aCRL
_cCRL
_bpan
041 _2pan
_apan
082 _aP153, P4;Q2
100 _aਬਰਾੜ, ਬੂਟਾ ਸਿੰਘ
245 0 _aਪੰਜਾਬੀ ਭਾFਾ
_b ਸ੍ਰੋਤ ਅਤੇ ਸਰੂਪ
260 _aਅੰਮ੍ਰਿਤਸਰ
_bਵਾਰਿਸ Fਾਰ ਖ਼ਾਉ੍ਵਡੇFਨ ਭਾਰਤ
_c2012
300 _a240ਪੰ
_ccm.
650 _aਪੰਜਾਬੀ ਭਾFਾ
942 _hP153, P4;Q2
_cTEXL
_2cc
999 _c1024523
_d1024523